Music Quiz

Random Music or Artist Quiz

'80s Songs by Initials Quiz Stats

Quiz Updated Dec 16, 2014

Challenge
Share
Tweet
Embed
Score 0/30 Timer 06:00
3 Plays Today
Initials Song % Correct
BJBillie Jean
96.8%
LOAPLivin' On a Prayer
87%
EBYTEvery Breath You Take
82.9%
EOTTEye of the Tiger
81.7%
COECome On Eileen
74.4%
KCKarma Chameleon
72.4%
NGGYUNever Gonna Give You Up
70.4%
WMUBYGGWake Me Up Before You Go-Go
68.4%
EWTRTWEverybody Wants to Rule the World
65.2%
AOBTDAnother One Bites the Dust
64.8%
MFNMoney For Nothing
62.4%
JGJessie's Girl
62.1%
DYWMDon't You Want Me
61.6%
KKokomo
61.1%
DY(FAM)Don't You (Forget About Me)
57.2%
Initials Song % Correct
WOWYWith Or Without You
57%
JADJack and Diane
56.5%
WEGWest End Girls
56%
TCTrue Colors
52%
RMARock Me Amadeus
46.6%
BDEBette Davis Eyes
46%
ITWANI Think We're Alone Now
44.2%
HTHangin' Tough
38.3%
SDMCShe Drives Me Crazy
37.8%
PEPrivate Eyes
33.6%
OOALHOwner of a Lonely Heart
28.4%
WWWishing Well
26.6%
(JL)SO(Just Like) Starting Over
25.4%
ISRARTMIt's Still Rock and Roll to Me
21.6%
THTwo Hearts
14.9%

You're not logged in!

Compare scores with friends on all Sporcle quizzes.
Join for Free
OR
Log In

You Might Also Like...

Show Comments

Extras

Top Quizzes Today


Score Distribution

Your Account Isn't Verified!

In order to create a playlist on Sporcle, you need to verify the email address you used during registration. Go to your Sporcle Settings to finish the process.

Report this User

Report this user for behavior that violates our Community Guidelines.

Details: